[Event "SWE-chT2 1314"]
[Site "Sweden"]
[Date "2014.01.18"]
[Round "4"]
[White "Skoog, Daniel"]
[Black "Agrest, Roman"]
[Result "1-0"]
[WhiteElo "1915"]
[BlackElo "2045"]
[PlyCount "61"]
[EventDate "2013.11.22"]
[EventType "team-tourn"]
[EventRounds "9"]
[EventCountry "SWE"]
[SourceTitle "EXT 2015"]
[Source "ChessBase"]
[SourceDate "2014.11.20"]
[SourceVersion "1"]
[SourceVersionDate "2014.11.20"]
[SourceQuality "1"]
[WhiteTeam "Orebro"]
[BlackTeam "Sollentuna"]
[WhiteTeamCountry "SWE"]
[BlackTeamCountry "SWE"]

1. Nf3 Nf6 2. c4 c5 3. Nc3 Nc6 4. g3 e6 5. Bg2 g6 6. 0-0 Bg7 7. d4 cxd4 8. Nxd4 0-0 9. Ndb5 b6 10. Bf4 Ba6 11. Bd6 Re8 12. Nc7 Bxc4 13. Nxa8 Qxa8 14. Qa4 b5 15. Nxb5 Bxb5 16. Qxb5 Nd4 17. Qd3 Nd5 18. Bc5 Nc6 19. e4 Nf6 20. f4 Qb8 21. e5 Ng4 22. Rfd1 Rd8 23. h3 Bf8 24. b4 Bxc5+ 25. bxc5 Nh6 26. Rab1 Qc7 27. g4 Kg7 28. Qd6 Qxd6 29. Rxd6 Rb8 30. Rb3 Rc8 31. Rxd7 1-0

[Event "SWE-chT2 1011"]
[Site "Sweden"]
[Date "2011.01.15"]
[Round "4"]
[White "Eriksson, Magnus"]
[Black "Skoog, Daniel"]
[Result "1-0"]
[WhiteElo "2144"]
[BlackElo "1833"]
[PlyCount "120"]
[EventDate "2010.10.23"]
[EventType "team-tourn"]
[EventRounds "9"]
[EventCountry "SWE"]
[SourceTitle "EXT 2012"]
[Source "ChessBase"]
[SourceDate "2011.11.24"]
[SourceVersion "1"]
[SourceVersionDate "2011.11.24"]
[SourceQuality "1"]
[WhiteTeam "Horndal"]
[BlackTeam "Orebro"]
[WhiteTeamCountry "SWE"]
[BlackTeamCountry "SWE"]

1. d4 Nf6 2. c4 e6 3. Nf3 b6 4. Nc3 Bb4 5. Bg5 h6 6. Bh4 Bb7 7. e3 0-0 8. Be2 d5 9. Rc1 Nbd7 10. 0-0 Be7 11. cxd5 exd5 12. Qc2 Ne4 13. Bxe7 Qxe7 14. Rfd1 Rfe8 15. Nb5 Rec8 16. Qb1 c6 17. Nc3 Re8 18. b4 Rac8 19. Qb3 Ra8 20. Bd3 Rac8 21. a3 Ra8 22. Bf1 Rac8 23. Na4 Ra8 24. Nb2 Ng5 25. Be2 Rac8 26. Nd3 Nxf3+ 27. Bxf3 Nf6 28. h3 Rc7 29. Nf4 Rec8 30. Nd3 Re8 31. a4 Rec8 32. a5 Qe8 33. axb6 axb6 34. Ra1 Ra8 35. Ra3 Rcc8 36. Rc1 Qe7 37. Rca1 Qc7 38. Be2 Rxa3 39. Rxa3 Ra8 40. Rxa8+ Bxa8 41. Qa4 Bb7 42. Qa7 Nd7 43. Nb2 Qb8 44. Qa3 Qc7 45. Bg4 Nf6 46. Bf5 g6 47. Bc2 Nd7 48. h4 h5 49. Nd3 Kg7 50. Nf4 Nf6 51. Bxg6 Qe7 52. Bf5 Qc7 53. Qa7 Kg8 54. Bd3 b5 55. Bf5 Kg7 56. Nd3 Nd7 57. Bxd7 Qxd7 58. Nc5 Qg4 59. Qxb7 Qd1+ 60. Kh2 Qe1 1-0